01888nam a22003497a 4500003000900000005001700009007000300026008004100029040002500070082003100095100005200126245011400178260005300292300002700345490003900372500006100411500017600472505038400648590002701032650002901059650003101088700004201119700003501161700003201196700004201228700003301270830004501303910001501348942001401363952014401377999001701521DO-SdBNP20250307073711.0ta140626s1992 dr a b 000 0 spa d aDO-SdBNPbspacBNPHU 4aRD863.42 bH519cu 19922221 aHenríquez Ureña, Pedro,d1884-1946 9171814aLos cuentos de la Nana Lupe /cPedro Henríquez Ureña ; ilustraciones Braulio Brito Martínez... [et. al] aSanto Domingo :bTobogán,bAlfa y Omegac1992. a188p. :bil. ;c22 cm.1 aBiblioteca Juvenil Tobogán ;v3  aIncluye datos biográficos del autor en la pagina 9-10. aLos cuentos de la nana Lupe, de Pedro Henríquez Ureña, obra de Biblioteca Juvenil TOBOGAN, se publican gracias al patrocinio de: Campamento para niños CASA DE CAMPO.0 tPresentación --tPedro Henríquez Ureña --tEn los volcanes --tEl jauja --tCon las brujas --tCon las hormigas y la cigarra --tCon el cuervo y el coyote --tCon las ranas --tCon el León --tCon el camello --tCon el perro --tCon el corderito --tCon el gallo y la gallinas --tCon el zorro azul --tCon la cigüeña --tCon el burro --tCon el burro y el ratón -- aInventariado, 2022/ YL 0aCuentos dominicanos9176 0aLiteratura dominicana.96712aBrito Martínez, Braulioeil.97238812aFermín, Andréseil.98278812aSuárez, Frankeil.91020912aVargas, Domingo Nicoláseil.98278912aNúñez, Ruddyeil.923171 0aBiblioteca Juvenil Tobogán ;n3972389 aYLockward. 2ddccLBS1 00102ddc51708PDaBNPHUbBNPHUcHDd2021-02-19eArq. FernándezoBNPHU PD RD863.42 H519cu 1992p2022-5126r2022-11-10w2022-11-10yLBS1 c52856d52856